[Event "IV Niterói Chess Open 2024"]
[Site "Rio de Janeiro"]
[Date "2024.08.28"]
[Round "1"]
[Board "45"]
[White "Andrade, Roberto Luiz Costa"]
[Black "Cunha, Rodrigo Azalim"]
[Result "1-0"]
[WhiteElo "1945"]
[BlackElo "1624"]
[Annotator "Chessbase"]
[PlyCount "67"]
[EventDate "2024.08.28"]
[EventRounds "7"]
[EventCountry "BRA"]

1. e4 c5 2. Nf3 d6 3. c3 Nf6 4. Be2 Bd7 5. d3 Nc6 6. O-O e5 7. Re1 ({RR} 7. a3 Be7 8. b4 O-O 9. b5 Nb8 10. c4 a6 11. Nc3 axb5 12. cxb5 h6 13. a4 Be6 14. Nd2 Nbd7 15. Nc4 Nb6 16. Bd2 d5 17. Nxe5 d4 18. Nb1 c4 19. dxc4 Nxe4 20. Bf3 Nc5 21. Bb4 Nxc4 {1-0 Aronian,L (2782)-Dubov,D (2714) Speed Chess Chess.com INT blitz 2021 (1.22)}) 7... Be7 8. Bf1 ({RR} 8. d4 exd4 9. cxd4 Nxe4 10. dxc5 Nxc5 11. Bf4 O-O 12. Bxd6 Bxd6 13. Qxd6 Ne4 14. Qf4 Re8 15. Bc4 Nf6 16. Nc3 Be6 17. Bxe6 Rxe6 18. Rxe6 fxe6 19. Re1 Qd7 20. Ne5 Qd4 21. Qxd4 Nxd4 22. Rd1 Nf5 {1-0 Mukhutdinov,T (2259)-Navara,D (2674) Titled Tue 30th Jul Early 2024 (10)}) 8... Bg4 $146 ({RR} 8... O-O 9. h3 Re8 10. d4 Bf8 11. d5 Ne7 12. c4 Ng6 13. Nc3 Be7 14. g3 h6 15. Bg2 a6 16. a3 b5 17. Be3 Qc7 18. Qc2 Rec8 19. Rec1 Rab8 20. Nd2 Qb7 21. Qd3 h5 22. Rab1 h4 23. b4 {0-1 Bacrot,E (2668)-Martinez Alcantara,J (2611) Titled Tue 7th Nov Early 2023 (4)}) 9. Nbd2 O-O 10. h3 Bh5 11. Qb3 Qc7 12. g4 Bg6 13. Nc4 h6 14. Ne3 Na5 15. Qa4 Rab8 16. Nh4 b5 17. Qd1 Qb7 18. Nhf5 Rfe8 19. Qf3 Bf8 20. Nxh6+ gxh6 21. Qxf6 Be7 22. Qf3 Kh7 23. Kh2 b4 24. Nd5 bxc3 25. bxc3 Bh4 26. Nf6+ Bxf6 27. Qxf6 Re6 28. Qh4 Qe7 29. Qxh6+ Kg8 30. Bg5 Qf8 31. Qxf8+ Kxf8 32. Rab1 Ree8 33. Bf6 Nc6 34. h4 1-0

[Event "IV Niterói Chess Open 2024"]
[Site "Rio de Janeiro"]
[Date "2024.08.29"]
[Round "2"]
[Board "56"]
[White "Vaz, Osvaldo Jose"]
[Black "Dos Santos, Vinicius Goncalves Azevedo"]
[Result "1/2-1/2"]
[WhiteElo "1755"]
[BlackElo "1800"]
[Annotator "Chessbase"]
[PlyCount "75"]
[EventDate "2024.08.28"]
[EventRounds "7"]
[EventCountry "BRA"]

1. e4 c5 2. Nf3 d6 3. c3 Nf6 4. Be2 Nc6 5. d4 e6 6. Qc2 ({RR} 6. d5 exd5 7. exd5 Ne7 8. c4 g6 9. O-O Bg7 10. Nc3 O-O 11. h3 a6 12. a4 b6 13. Bd3 Nf5 14. Bf4 Nd4 15. Nxd4 cxd4 16. Ne2 Nh5 17. Bh2 f5 18. f4 Re8 19. Kh1 Ra7 20. Bg1 g5 {0-1 Emms,J (2400)-Tseitlin,M (2415) Tel Aviv BIKURI 1990}) ({RR} 6. d5 exd5 7. exd5 Ne5 8. O-O Nxf3+ 9. Bxf3 Be7 10. Nd2 O-O 11. Qb3 Re8 12. Nc4 Bf8 13. Bg5 h6 14. Bh4 g5 15. Bg3 h5 16. h3 g4 17. hxg4 hxg4 18. Bd1 Ne4 19. Bc2 Nxg3 20. fxg3 Qg5 {0-1 Kawulok,M (2172)-Kapusta,P (2115) CZE-chT1E 1718 2017 (5.2)}) 6... Be7 7. O-O O-O 8. Bg5 $146 ({RR} 8. Nbd2 Bd7 9. h3 cxd4 10. cxd4 Rc8 11. Qb3 Na5 12. Qd3 a6 13. Qb1 b5 14. Bd3 h6 15. e5 Nd5 16. Ne4 Nb4 17. Bd2 Nxd3 18. Qxd3 Nc4 19. Bc3 dxe5 20. Nxe5 Nxe5 21. dxe5 Bc6 22. Qxd8 Rfxd8 {½-½ Acunzo,D (1775)-Cartella,G (1868) Milan Crespi op-B 28th 2007 (5)}) 8... Bd7 9. Na3 a6 10. Nc4 Rc8 11. Rad1 cxd4 12. Nxd4 d5 13. Nxc6 Bxc6 14. exd5 Nxd5 15. Bxe7 Qxe7 16. Ne5 Nf4 17. Nxc6 Nxe2+ 18. Qxe2 Rxc6 19. Rd3 Rd8 20. Rfd1 Rcd6 21. g3 R8d7 22. Qe4 Rxd3 23. Rxd3 Rxd3 24. Qxd3 Qc7 25. Kg2 g6 26. h4 Qc6+ 27. Qf3 Qxf3+ 28. Kxf3 Kg7 29. a4 Kf8 30. Ke4 Ke7 31. b4 Kd6 32. c4 f5+ 33. Kd3 e5 34. f3 h6 35. a5 Kc6 36. Kc3 Kd6 37. Kd3 Kc6 38. Kc3 1/2-1/2

[Event "IV Niterói Chess Open 2024"]
[Site "Rio de Janeiro"]
[Date "2024.08.29"]
[Round "2"]
[Board "3"]
[White "Ferreira, Marcone Fiuza"]
[Black "Di Berardino, Diego Rafael"]
[Result "0-1"]
[WhiteElo "1969"]
[BlackElo "2472"]
[Annotator "Chessbase"]
[PlyCount "98"]
[EventDate "2024.08.28"]
[EventRounds "7"]
[EventCountry "BRA"]

1. e4 c5 2. Nf3 d6 3. Bb5+ Nd7 4. a4 Ngf6 5. Nc3 a6 6. Bc4 e6 7. Qe2 ({RR} 7. d4 cxd4 8. Nxd4 Ne5 9. Bb3 Bd7 10. f4 Nc6 11. Be3 Nxd4 12. Bxd4 Bc6 13. Qe2 Be7 14. O-O-O Qa5 15. g4 O-O 16. g5 Nd7 17. h4 Nc5 18. Bxc5 dxc5 19. f5 b5 20. f6 Bd8 21. fxg7 Kxg7 {½-½ Nepomniachtchi,I (2770)-Firouzja,A (2744) SuperUnited CRO Rapid 2024 (1.1)}) ({RR} 7. O-O b6 8. d4 cxd4 9. Qxd4 Be7 10. Be3 O-O 11. h3 Bb7 12. Rfe1 Qc7 13. Bb3 Rac8 14. Rad1 Nc5 15. Bg5 Rfd8 16. Nd2 h6 17. Bh4 Qc6 18. Qe3 Rd7 19. Bc4 Nfxe4 20. Bxe7 Nxc3 {0-1 Leiva,G (2398)-Movahed,S (2463) Titled Tue 5th Mar Early 2024 (6)}) 7... Be7 8. O-O O-O 9. d3 $146 ({RR} 9. d4 cxd4 10. Nxd4 Qc7 11. Rd1 b6 12. f3 Bb7 13. Be3 Rfe8 14. Bb3 Rac8 15. Qf2 Nc5 16. Ba2 Ncd7 17. Rd2 Bf8 18. Rad1 Ne5 19. Nde2 Nfd7 20. h3 Nc5 21. Nd4 Ncd7 22. Qg3 Nc4 23. Bxc4 Qxc4 {1-0 Biryukov,D (2379)-Rjanova,V (2134) Saratov op 2010 (3)}) 9... b6 10. e5 dxe5 11. Nxe5 Nxe5 12. Qxe5 Bb7 13. Bg5 Nd7 14. Bxe7 Nxe5 15. Bxd8 Rfxd8 16. Bb3 Nc6 17. Ne2 Rac8 18. f4 g6 19. g4 Nb4 20. Nc3 Bd5 21. Bxd5 exd5 22. Rf2 Re8 23. Raf1 f5 24. gxf5 gxf5 25. Rg2+ Kf7 26. Rg5 Rg8 27. Rf2 d4 28. Nb1 Rxg5+ 29. fxg5 Kg6 30. h4 Re8 31. Na3 Nd5 32. Nc4 Re6 33. Nd2 Ne3 34. Re2 Kh5 35. c3 dxc3 36. bxc3 Kxh4 37. Rh2+ Kxg5 38. Rxh7 Nd5 39. Nf3+ Kf4 40. Kf2 Nf6 41. Rf7 Ng4+ 42. Kf1 Kxf3 43. Rxf5+ Kg3 44. Rg5 Re3 45. a5 bxa5 46. d4 cxd4 47. cxd4 a4 48. d5 a3 49. d6 a2 0-1

[Event "IV Niterói Chess Open 2024"]
[Site "Rio de Janeiro"]
[Date "2024.09.01"]
[Round "7"]
[Board "28"]
[White "Mantelato, Davi Natali"]
[Black "De Oliveira, Yuri Garcia"]
[Result "0-1"]
[WhiteElo "1768"]
[BlackElo "1964"]
[Annotator "Chessbase"]
[PlyCount "130"]
[EventDate "2024.08.28"]
[EventRounds "7"]
[EventCountry "BRA"]

1. e4 c5 2. Nf3 d6 3. Bb5+ Nd7 4. O-O a6 5. Bxd7+ Bxd7 6. c3 e5 ({RR} 6... Nf6 7. Re1 g6 8. d4 cxd4 9. cxd4 d5 10. exd5 Nxd5 11. Nc3 Bc6 12. Bg5 h6 13. Bh4 g5 14. Bg3 Bg7 15. Ne5 O-O 16. Nxc6 bxc6 17. Rc1 e6 18. Be5 Ne7 19. Ne4 Nf5 20. Rxc6 Qd5 21. Rc5 {0-1 Milliet,S (2388)-Edouard,R (2636) Cap d'Agde CCAS Gp-A rapid 2010 (6)}) 7. d4 Qc7 8. Nbd2 $146 ({RR} 8. dxe5 dxe5 9. Qd5 f6 10. Qd3 Ne7 11. Nbd2 g5 12. Nc4 Ng6 13. Rd1 Be7 14. Qxd7+ Qxd7 15. Rxd7 Kxd7 16. Nb6+ Kc6 17. Nxa8 Rxa8 18. Kf1 Rd8 19. Ke2 Nf8 20. Ne1 b5 21. f3 Ne6 22. Nc2 c4 {0-1 Ngieng,C (1563)-Nguyen,H (1891) ASEAN-ch U18 15th 2014 (8)}) ({RR} 8. Bg5 Be7 9. Bxe7 Nxe7 10. Nbd2 O-O 11. h3 Ng6 12. dxe5 dxe5 13. Re1 Be6 14. Qc2 f6 15. Nf1 c4 16. Ne3 Nf4 17. Red1 Rfd8 18. Nd2 Qc6 19. h4 Ng6 20. g3 Ne7 21. Nf3 Qc7 22. Rd2 Rxd2 {½-½ Walter,R (1981)-Willin,B (1910) 12th Int Senioren-Cup 2024 (4.45)}) ({RR} 8. dxe5 dxe5 9. Na3 Bc6 10. Nc4 f6 11. Qc2 b5 12. Ne3 Qb7 13. Nd2 g6 14. c4 Nh6 15. Nd5 Bxd5 16. cxd5 Nf7 17. a4 Be7 18. b3 O-O 19. Ba3 Rac8 20. Qd3 Rc7 21. axb5 axb5 22. Ra2 Rfc8 {½-½ Daemmig,M (2119)-Kolker,V (2116) Karl Mala Memorial op 12th 2009 (7)}) ({RR} 8. h3 Nf6 9. Re1 Be7 10. Bg5 O-O 11. Nbd2 Rfe8 12. dxe5 dxe5 13. Nc4 Bf8 14. Bxf6 gxf6 15. Ne3 Bc6 16. Nf5 Rad8 17. Qe2 Rd7 18. Rad1 Red8 19. Rxd7 Qxd7 20. N3h4 Qd2 21. Qg4+ Qg5 22. Nf3 Qxg4 {½-½ Puertolas Serena,A (1916)-Pes Mateo,A (2004) Aragon-chT 2008 (1)}) 8... cxd4 9. cxd4 Nf6 10. Re1 Be7 11. Nf1 O-O 12. Ne3 g6 13. dxe5 dxe5 14. Nd5 Nxd5 15. exd5 Bd6 16. b3 Bg4 17. Bb2 Rae8 18. h3 Bxf3 19. Qxf3 f6 20. Qe3 Qd7 21. Rac1 Rc8 22. Qb6 Rxc1 23. Rxc1 Bb8 24. Ba3 Rd8 25. Qe6+ Kg7 26. Qb6 Qxd5 27. Be7 Re8 28. Qxf6+ Kg8 29. Rc5 Qd7 30. Rc2 Rxe7 31. Qf3 e4 32. Qe2 Re8 33. Rd2 Qc7 34. g3 e3 35. Rd3 exf2+ 36. Qxf2 b5 37. Kh2 Rf8 38. Qg2 Qf7 39. Rd2 Qf5 40. Qg1 Qf3 41. Rg2 Be5 42. Qe1 Qf5 43. Re2 Bg7 44. Rg2 Qe5 45. Qc1 h6 46. Qc6 Qf6 47. Qc1 Kh7 48. Qg1 Qd4 49. Qe1 Qa1 50. Qe4 Rf1 51. Rc2 Qe1 52. Qg2 Rf6 53. a4 bxa4 54. bxa4 Rb6 55. Re2 Qb1 56. h4 Rb4 57. h5 Rxa4 58. hxg6+ Qxg6 59. Re1 Rb4 60. Kg1 Rb2 61. Qf3 Qc2 62. Kf1 a5 63. g4 a4 64. g5 Qc4+ 65. Re2 Qxe2+ 0-1

[Event "IV Niterói Chess Open 2024"]
[Site "Rio de Janeiro"]
[Date "2024.08.30"]
[Round "4"]
[Board "17"]
[White "Serpa, Rafael Araujo"]
[Black "Peixoto, Helio Ricardo Soutinho"]
[Result "1-0"]
[WhiteElo "2107"]
[BlackElo "1937"]
[Annotator "Chessbase"]
[PlyCount "68"]
[EventDate "2024.08.28"]
[EventRounds "7"]
[EventCountry "BRA"]

1. e4 c5 2. Nf3 d6 3. Bb5+ Nd7 4. c3 Ngf6 5. Qe2 a6 6. Ba4 e6 7. O-O Be7 8. d4 O-O 9. Rd1 b5 10. Bc2 Qc7 11. a4 ({RR} 11. b3 Bb7 12. Bb2 Rac8 13. Bd3 c4 14. Bc2 e5 15. d5 Rfe8 16. Nbd2 Nb6 17. Nf1 cxb3 18. axb3 h6 19. Ng3 g6 20. h4 Qd7 21. Nh2 h5 22. Rd3 Ng4 23. Nxg4 Qxg4 24. Qxg4 hxg4 25. h5 Kg7 {1-0 Grot,B (2046)-Solovjov,A (2237) Titled Tue 9th Apr Early 2024 (5)}) 11... Bb7 12. Bg5 e5 $146 ({RR} 12... h6 13. Bh4 e5 14. dxe5 Nxe5 15. Nxe5 dxe5 16. Na3 c4 17. axb5 axb5 18. Bxf6 Bxf6 19. Nxb5 Qc5 20. Rxa8 Rxa8 21. Nd6 Ba6 22. Nf5 Rb8 23. Bb1 Qb6 24. Qf3 Qxb2 25. h4 Rd8 26. Rf1 Qd2 27. g3 {1-0 Saravana,K (2312)-Vishnu,P (2476) FIDE World Cup AICF Qual rapid 2021 (2)}) ({RR} 12... h6 13. Bh4 Bc6 14. Nbd2 Rfe8 15. axb5 axb5 16. b4 c4 17. Qe1 Qb7 18. e5 dxe5 19. dxe5 Nd5 20. Bxe7 Nxe7 21. Ne4 Rxa1 22. Rxa1 Ra8 23. Nd6 Rxa1 24. Qxa1 Qb8 25. Qe1 Bxf3 26. gxf3 Nd5 27. Qe4 {0-1 Nilsson,E (2053)-Zude,E (2385) Helsingor Xtracon op 2019 (4)}) ({RR} 12... bxa4 13. Rxa4 Rfe8 14. Bd3 cxd4 15. cxd4 e5 16. Rc4 Qb8 17. dxe5 dxe5 18. Rdc1 a5 19. R4c2 Nf8 20. Na3 Ne6 21. Nb5 Ba6 22. Nc3 Bb7 23. Nb5 Ba6 24. Nc3 Bb7 25. Nb5 Ba6 {½-½ Wijekoon,C (1943)-Thilakarathne,G (2186) SRI-ch Colombo 2018 (10)}) 13. dxe5 dxe5 14. axb5 axb5 15. Rxa8 Rxa8 16. Na3 Ba6 17. Nxb5 Bxb5 18. Qxb5 Nf8 19. Bb3 Rb8 20. Qc4 Ne6 21. Bxf6 Bxf6 22. Qa4 c4 23. Bxc4 Nc5 24. Qc2 Qb7 25. b4 Qxe4 26. Qa2 Ra8 27. Bxf7+ Kf8 28. Qd5 Rd8 29. Qxc5+ Kxf7 30. Re1 Qf4 31. Qc7+ Kg6 32. h3 Re8 33. Qc6 Re7 34. g3 Qf5 1-0

[Event "IV Niterói Chess Open 2024"]
[Site "Rio de Janeiro"]
[Date "2024.08.28"]
[Round "1"]
[Board "29"]
[White "De Souza, Felipe Guimaraes"]
[Black "Mattos, Bernardo Cunha"]
[Result "1-0"]
[WhiteElo "2038"]
[BlackElo "1719"]
[Annotator "Chessbase"]
[PlyCount "77"]
[EventDate "2024.08.28"]
[EventRounds "7"]
[EventCountry "BRA"]

1. e4 c5 2. Nf3 d6 3. Bb5+ Bd7 4. Bxd7+ Qxd7 5. O-O Nc6 6. Re1 Nf6 7. c3 e6 8. d4 d5 9. e5 Ne4 10. Nbd2 ({RR} 10. a3 Be7 11. Nbd2 Nxd2 12. Bxd2 O-O 13. h4 cxd4 14. cxd4 Rac8 15. Rc1 a6 16. Rc3 Na7 17. Rd3 Rc4 18. Ng5 h6 19. Nh3 Bxh4 20. Qg4 Qe7 21. Bxh6 f5 22. exf6 Rxf6 23. Qxh4 gxh6 24. Rg3+ Kf8 {1-0 Antunez,S (2200)-Tsatsalashvili,K (2315) Titled Tue 5th Mar Early 2024 (8)}) 10... Nxd2 11. Bxd2 c4 ({RR} 11... Rc8 12. Be3 cxd4 13. Bxd4 Nxd4 14. Nxd4 Bc5 15. Qg4 O-O 16. Rad1 b5 17. Re3 Rfd8 18. h4 a5 19. a3 Bf8 20. Rdd3 b4 21. axb4 axb4 22. h5 bxc3 23. bxc3 h6 24. Rg3 Ra8 25. Qf4 Qb7 26. Kh2 {1-0 Libiszewski,F (2515)-Kuzubov,Y (2640) Al Ain op 4th 2015 (5)}) 12. h3 $146 ({RR} 12. b3 Na5 13. b4 Nc6 14. a4 Ne7 15. a5 Ng6 16. h4 h5 17. Bg5 Be7 18. Bxe7 Qxe7 19. Qa4+ Qd7 20. g3 Qxa4 21. Rxa4 Kd7 22. Ng5 Rhf8 23. Ra2 Rae8 24. Kg2 f6 25. Nf3 Ne7 26. Rae2 Nf5 {½-½ Zelic,Z (2395)-Velimirovic,D (2525) YUG-chT Cetinje 1990 (3)}) ({RR} 12. b3 b5 13. a4 Na5 14. bxc4 bxc4 15. Bf4 Be7 16. Ng5 h6 17. Qh5 O-O 18. Nh3 Rfb8 19. Re3 Qxa4 20. Ree1 Qb5 21. Kh1 Nb3 22. Rad1 Qe8 23. Qg4 Kh7 24. Re3 Qf8 25. Ng1 g5 26. Bg3 Qg7 {0-1 Dogan,S (1810)-Wang,J (1822) Wch U18 Girls 2017 (9)}) 12... Be7 13. Nh2 O-O 14. Qg4 Rfb8 15. Re3 Bf8 16. Nf1 Ne7 17. Ng3 Nf5 18. Rf3 g6 19. Nh5 Bg7 20. Nf6+ Bxf6 21. exf6 Qb5 22. Bc1 Qa4 23. Bf4 Rd8 24. Re1 Kh8 25. a3 Qc2 26. Bc1 b5 27. Qf4 Rac8 28. g4 Nh4 29. Rg3 g5 30. Qxg5 Ng6 31. h4 Rg8 32. h5 Nf8 33. Qh4 Nd7 34. Bh6 Qxb2 35. Bg7+ Rxg7 36. fxg7+ Kxg7 37. h6+ Kh8 38. Qe7 Qd2 39. Ree3 1-0

[Event "IV Niterói Chess Open 2024"]
[Site "Rio de Janeiro"]
[Date "2024.08.29"]
[Round "3"]
[Board "24"]
[White "Silveira, Rogerio Zanon Da"]
[Black "Spina, Deris Eduardo"]
[Result "1-0"]
[WhiteElo "1999"]
[BlackElo "1823"]
[Annotator "Chessbase"]
[PlyCount "103"]
[EventDate "2024.08.28"]
[EventRounds "7"]
[EventCountry "BRA"]

1. e4 c5 2. Nf3 d6 3. Bb5+ Bd7 4. Bxd7+ Nxd7 5. O-O Ngf6 6. Re1 Qc7 7. c3 b5 $146 ({RR} 7... g6 8. d4 Bg7 9. Qe2 e5 10. dxe5 dxe5 11. Bg5 O-O 12. Nbd2 Rfe8 13. a4 a6 14. a5 h6 15. Bxf6 Nxf6 16. Nc4 Nd7 17. Qc2 Rad8 18. Qa4 Nf8 19. Ne3 Qd7 20. Qxd7 Rxd7 21. Nc4 f6 22. Ra3 {1-0 Barczay,L-Hernandez,G Olympiad-17 Preliminaries F 1966 (3)}) ({RR} 7... Rc8 8. d3 e6 9. Bf4 Be7 10. Nbd2 O-O 11. h3 Rfd8 12. a4 Qc6 13. Qe2 Qa6 14. Nc4 d5 15. exd5 Nxd5 16. Bg5 f6 17. Bd2 Nf8 18. Nh4 Rd7 19. Nf3 Rcd8 20. Red1 Ng6 21. g3 Nf8 22. h4 {0-1 Anton Guijarro,D (2642)-Korobov,A (2698) Wch Rapid St Petersburg 2018 (7)}) ({RR} 7... e5 8. d4 cxd4 9. cxd4 Be7 10. Nc3 O-O 11. Bg5 Nb6 12. Rc1 Qd7 13. dxe5 dxe5 14. Nxe5 Qe6 15. Nf3 h6 16. Bh4 Rfd8 17. Qe2 Nc4 18. e5 Nxe5 19. Qxe5 Qxe5 20. Nxe5 g5 21. Bg3 Bb4 22. Red1 {1-0 Estrada Nieto,J (2212)-Park,S (1749) Titled Tue 17th Oct Early 2023 (1)}) ({RR} 7... Rc8 8. d3 a6 9. Nbd2 e6 10. Nf1 Be7 11. Bf4 O-O 12. h3 Rfd8 13. Re2 e5 14. Bg3 Bf8 15. Ne3 g6 16. Bh4 Re8 17. g4 Bg7 18. Nh2 h6 19. Qd2 Qc6 20. Bxf6 Nxf6 21. h4 b5 22. f3 {1-0 Koskinen,H-Arita,K Olympiad-19 Preliminaries C 1970 (4)}) ({RR} 7... g6 8. d4 Bg7 9. e5 dxe5 10. dxe5 Ng4 11. e6 Nde5 12. Nxe5 Nxe5 13. f4 Nc6 14. exf7+ Kf8 15. Be3 b6 16. Nd2 e5 17. fxe5 Bxe5 18. Nf3 Bd6 19. Bh6+ Kxf7 20. Qd5+ {1-0 Jackson,S (2090)-Foster,F Olympiad Women-08 Preliminaries 1 1978 (1)}) 8. d4 e5 9. Bg5 Be7 10. Nbd2 h6 11. Bh4 Nb6 12. Rc1 c4 13. Qe2 Nfd7 14. Bxe7 Kxe7 15. Nf1 Nf8 16. Ne3 Ne6 17. g3 Kf8 18. Nd5 Qb8 19. Qe3 g6 20. Nh4 Nc7 21. dxe5 dxe5 22. Qc5+ Kg7 23. Qxc7 Na4 24. Qxb8 Raxb8 25. Re2 Nc5 26. Nf3 f6 27. Ne1 a5 28. a3 Rhd8 29. f3 Rd7 30. Kf2 Rbd8 31. Ke3 f5 32. Rcc2 g5 33. Kf2 g4 34. Ne3 fxe4 35. Nf5+ Kg6 36. Nh4+ Kg5 37. fxe4 Rd1 38. Nhg2 Nd3+ 39. Ke3 Rf8 40. Rcd2 Rb1 41. Rxd3 cxd3 42. Nxd3 Rf3+ 43. Kd2 Kf6 44. Ne3 h5 45. Nd5+ Ke6 46. Nc7+ Kf6 47. Nxb5 Rbf1 48. Nc7 a4 49. Nd5+ Kg5 50. Kc2 Ra1 51. Ne3 Rh1 52. Nxe5 1-0

[Event "IV Niterói Chess Open 2024"]
[Site "Rio de Janeiro"]
[Date "2024.08.30"]
[Round "4"]
[Board "33"]
[White "Jeremias, Bianca Albano"]
[Black "Martins, Gustavo Faria"]
[Result "1-0"]
[WhiteElo "1938"]
[BlackElo "1701"]
[Annotator "Chessbase"]
[PlyCount "91"]
[EventDate "2024.08.28"]
[EventRounds "7"]
[EventCountry "BRA"]

1. e4 c5 2. Nf3 d6 3. d4 cxd4 4. Qxd4 Nf6 5. Be2 e5 ({RR} 5... Nc6 6. Qe3 g6 7. O-O Bg7 8. h3 O-O 9. c4 b6 10. Rd1 Nd7 11. Nc3 Bb7 12. b3 Nb4 13. Qd2 Nc5 14. Ba3 a5 15. Nd4 Bxd4 16. Qxd4 Nc2 17. Qd2 Nxa3 18. f3 e6 19. Qb2 Qf6 20. Rac1 {0-1 Anand,V (2764)-Vachier Lagrave,M (2775) Paris GCT blitz 2019 (7)}) 6. Qe3 a6 $146 ({RR} 6... Nc6 7. O-O Be6 8. h3 Qc7 9. c4 a6 10. Nc3 Be7 11. b3 O-O 12. Bb2 Nd7 13. Rfd1 f5 14. exf5 Bxf5 15. Nd5 Qd8 16. Ba3 Nc5 17. Bxc5 dxc5 18. Nf6+ Bxf6 19. Rxd8 Raxd8 20. Qxc5 e4 21. Qxf5 {½-½ Dauletova,G (2257)-Nguyen,H (1957) Speed Chess (Women) Q7 blitz 2021 (16)}) ({RR} 6... h6 7. O-O Be7 8. Rd1 Qc7 9. Nc3 O-O 10. h3 Be6 11. a4 a6 12. Bd2 Nbd7 13. Be1 Nb6 14. b3 Rac8 15. a5 Nbd7 16. Nd5 Bxd5 17. exd5 Qxc2 18. Bc4 Nc5 19. Nd4 exd4 20. Qxe7 Nxb3 21. Bxb3 {0-1 Victor,J (2298)-Vingris,M (2142) Titled Tue 14th May Early 2024 (8)}) 7. c4 Be6 8. Nc3 Nbd7 9. O-O Be7 10. Rd1 O-O 11. h3 h6 12. b3 Qc7 13. Ba3 Rfc8 14. Rac1 Qb6 15. Qxb6 Nxb6 16. Bxd6 Bxd6 17. Rxd6 Nbd7 18. Nh2 Rab8 19. Rdd1 Rd8 20. Nf1 Rbc8 21. Ne3 Nc5 22. f3 Rxd1+ 23. Rxd1 Bd7 24. Ncd5 Kf8 25. Nxf6 gxf6 26. Nd5 Rc6 27. b4 Ne6 28. Nxf6 Bc8 29. Nd5 Nd4 30. Bd3 f5 31. exf5 Bxf5 32. Bxf5 Nxf5 33. c5 Kf7 34. Nb6 Nd4 35. Nc4 Kf6 36. Kf2 Nc2 37. Rg1 Nd4 38. a4 b5 39. axb5 axb5 40. Nd6 Ke6 41. Nb7 Rc7 42. Na5 Nc6 43. Nxc6 Rxc6 44. Rd1 h5 45. g4 hxg4 46. fxg4 1-0

[Event "IV Niterói Chess Open 2024"]
[Site "Rio de Janeiro"]
[Date "2024.08.30"]
[Round "4"]
[Board "31"]
[White "Pontes, Luiz Felizola Lima"]
[Black "Andrade, Roberto Luiz Costa"]
[Result "0-1"]
[WhiteElo "1777"]
[BlackElo "1945"]
[Annotator "Chessbase"]
[PlyCount "92"]
[EventDate "2024.08.28"]
[EventRounds "7"]
[EventCountry "BRA"]

1. e4 c5 2. Nf3 a6 3. c4 Nc6 4. d4 cxd4 5. Nxd4 Nf6 6. Nc3 d6 7. Be2 e6 8. O-O Be7 9. Be3 O-O 10. Qd2 Bd7 11. Rac1 Rc8 12. Rfd1 Ne5 ({RR} 12... Qc7 13. f3 Qb8 14. a4 Ne5 15. b3 Ng6 16. a5 Bd8 17. Na4 Bxa4 18. bxa4 Bc7 19. Bd3 Ne5 20. Bf1 Nfd7 21. h3 Nc5 22. Qb4 Qa8 23. Nb3 Nc6 24. Qa3 Nxb3 25. Qxb3 Nxa5 26. Qb2 Nc6 27. f4 {1-0 De Paula,L (1862)-Brujin,H (1479) Sampa Chess Open 2024 (4.29)}) 13. b3 Qc7 14. f3 Rfe8 $146 ({RR} 14... Rfd8 15. Bf1 Qb8 16. h3 Nc6 17. Qf2 Nxd4 18. Bxd4 Bc6 19. Ba7 Qa8 20. Bb6 Re8 21. b4 Nd7 22. Bd4 Nf6 23. Kh1 Red8 24. Bb6 Rf8 25. a4 Nh5 26. a5 f5 27. b5 Be8 28. exf5 axb5 29. cxb5 {1-0 Bar,R (2145)-Azadmanesh,M EU-ch U14 Rimavska Sobota 1996 (8)}) ({RR} 14... Qb8 15. Kh1 Rfd8 16. Bf1 h5 17. Qf2 Ng6 18. Nde2 b5 19. Nf4 Nxf4 20. Bxf4 b4 21. Ne2 e5 22. Be3 Be6 23. Rd2 Rc6 24. Rcd1 g6 25. g3 a5 26. Bg2 Ra6 27. h3 a4 28. Nc1 axb3 29. axb3 {0-1 Atlic,M (1960)-Sutkovic,D (2304) BIH-ch Lukavac 2016 (1)}) ({RR} 14... Rfd8 15. Bf1 Qb8 16. Kh1 Be8 17. Bg1 Nc6 18. Nc2 Bf8 19. Bb6 Rd7 20. Ne3 Be7 21. Qf2 Bd8 22. Na4 Ne7 23. Rd2 d5 24. exd5 exd5 25. Rcd1 dxc4 26. Nxc4 Ned5 27. Bxd8 Rcxd8 28. Nc5 Re7 29. Ne4 {½-½ Kalevic,S (2219)-Dimitrijevic,A (2219) Belgrade (Women) 34th 2001 (8)}) 15. Kh1 Kh8 16. Bg1 Ng6 17. b4 d5 18. c5 dxe4 19. Nxe4 Nxe4 20. fxe4 Ba4 21. Nb3 Red8 22. Qe3 Qe5 23. Rxd8+ Rxd8 24. Rd1 Bc6 25. Rxd8+ Bxd8 26. Qd4 Qxd4 27. Bxd4 Bxe4 28. a4 Nh4 29. Bf1 Bc2 30. Bc4 Be4 31. Bf1 Nf5 32. Bf2 Bg5 33. b5 axb5 34. axb5 Ne3 35. Nd2 Bd5 36. Nf3 Bf4 37. Bd3 g5 38. Bg3 Bxg3 39. hxg3 g4 40. Ne5 Nxg2 41. Kg1 Ne1 42. Be2 Nc2 43. c6 bxc6 44. bxc6 Nd4 45. c7 Bb7 46. Bxg4 Kg7 0-1

[Event "IV Niterói Chess Open 2024"]
[Site "Rio de Janeiro"]
[Date "2024.08.28"]
[Round "1"]
[Board "20"]
[White "Pontes, Luiz Felizola Lima"]
[Black "Guimaraes, Wagner Peixoto"]
[Result "1-0"]
[WhiteElo "1777"]
[BlackElo "2119"]
[Annotator "Chessbase"]
[PlyCount "80"]
[EventDate "2024.08.28"]
[EventRounds "7"]
[EventCountry "BRA"]

1. e4 c5 2. Nf3 d6 3. d4 cxd4 4. Nxd4 Nf6 5. f3 e5 6. Nb3 Be6 7. c4 a5 8. Nc3 Be7 9. Be3 O-O 10. Be2 a4 11. Nd2 Qa5 12. Nd5 Bxd5 13. cxd5 Nbd7 14. O-O b5 15. Rc1 Rfc8 $146 ({RR} 15... Nc5 16. Nb1 Nfd7 17. Na3 Rab8 18. Qd2 b4 19. Nc4 Qa8 20. g4 Rfc8 21. Rfd1 Bf8 22. h4 Nb6 23. Nxb6 Rxb6 24. g5 Qb7 25. h5 Rd8 26. Kf2 Qd7 27. Rg1 g6 28. Rg3 Rb7 29. Rh1 Rc8 30. Rgh3 {1-0 Vergara Jofre,F (2339)-Harshad,S (2125) Barcelona Sants op 21st 2019 (2)}) 16. Nb1 Nc5 17. Na3 Rab8 18. Qd2 b4 19. Nc4 Qd8 20. Qe1 Nfd7 21. Bd2 Na6 22. Kh1 Ndc5 23. Ne3 g6 24. Bxa6 Nxa6 25. Rxc8 Qxc8 26. Qc1 Nc5 27. Qc4 Qb7 28. Rc1 Qb5 29. Ng4 h5 30. Nf2 Bd8 31. Be3 Qa5 32. Bxc5 dxc5 33. Nd3 Bg5 34. Rd1 b3 35. a3 Rc8 36. Nxe5 Bf6 37. Nc6 Qc7 38. Qxa4 Bxb2 39. Qxb3 Bd4 40. Qa4 Kg7 1-0

[Event "IV Niterói Chess Open 2024"]
[Site "Rio de Janeiro"]
[Date "2024.09.01"]
[Round "7"]
[Board "31"]
[White "Baeta, Marcio Netto"]
[Black "Cunha, Rodrigo Azalim"]
[Result "1-0"]
[WhiteElo "1919"]
[BlackElo "1624"]
[Annotator "Chessbase"]
[PlyCount "33"]
[EventDate "2024.08.28"]
[EventRounds "7"]
[EventCountry "BRA"]

1. e4 c5 2. d4 cxd4 3. Nf3 Nc6 4. Nxd4 Nf6 5. Nc3 d6 6. Bc4 g6 7. Nxc6 bxc6 8. e5 Ng4 9. e6 f5 10. Qd4 ({RR} 10. h3 Nf6 11. Bb3 Bg7 12. g4 Qa5 13. Qf3 O-O 14. Kf1 d5 15. Bd2 Qa6+ 16. Kg1 Ne4 17. Be1 Bxe6 18. gxf5 Rxf5 19. Qe2 Qxe2 20. Nxe2 Raf8 21. c3 Nxf2 22. Bxf2 Rxf2 23. Re1 Bd7 24. Rh2 R2f7 {0-1 Ivanovic,B (2445)-Tosic,M (2481) SCG-chT Budva 2004 (10.2)}) 10... Nf6 11. O-O ({RR} 11. Bg5 Bg7 12. Bb3 O-O 13. Qa4 Qc7 14. O-O d5 15. Rfe1 Ne4 16. Nxe4 fxe4 17. Qa3 Bxe6 18. Qxe7 Qxe7 19. Bxe7 Rf7 20. Ba3 Re8 21. c3 Rd7 22. Rad1 Bf7 23. Ba4 Rc7 24. Bc5 Bf8 25. Bxf8 Kxf8 {1-0 Staniczek,K (1890)-Becker,K (1741) Ustron Open A 2024 (1.21)}) 11... d5 $146 ({RR} 11... Bg7 12. Re1 O-O 13. Qh4 Rb8 14. Bb3 a5 15. a3 c5 16. Bg5 Bb7 17. Rad1 Qc7 18. Re3 Bc6 19. Rh3 h5 20. Rg3 Kh7 21. Bf4 a4 22. Bxa4 Rxb2 23. h3 Ng8 24. Bxc6 Qxc6 25. Nd5 Bf6 26. Bg5 {0-1 Mohd,S (2255)-Askali,N (2320) Pools schev Singapore 1997 (7)}) ({RR} 11... Bg7 12. Re1 O-O 13. Qh4 d5 14. Bb3 Ne4 15. Bh6 Bxh6 16. Qxh6 Rf6 17. Rad1 Qb6 18. Re3 Bxe6 19. Na4 Qa5 20. Rh3 Rf7 21. Qf4 Rd8 22. Re3 Rd6 23. c3 Nc5 24. Rde1 Rf6 25. Nxc5 Qxc5 26. h4 {½-½ Mestek,I (2158)-Novkovic,S (2058) SLO-chT1 West 2013 (6)}) ({RR} 11... Bg7 12. Re1 O-O 13. Qd3 Bb7 14. Bf4 d5 15. Ba6 Bxa6 16. Qxa6 Qb6 17. Qxb6 axb6 18. Be5 Ne4 19. Bxg7 Kxg7 20. f3 Nxc3 21. bxc3 Ra3 22. Re3 Rfa8 23. Rb1 b5 24. f4 Rxa2 25. Rb3 Rxc2 26. h3 {0-1 Feng,R (1679)-Singireddy,S (1530) Windsor NAYCC U14 2016 (4.72)}) 12. Nxd5 Bg7 13. Nxf6+ Bxf6 14. Qxd8+ Kxd8 15. Rd1+ Kc7 16. Bf4+ Kb6 17. Rd3 1-0